Marketing (Registro nro. 845)

Detalles MARC
000 -LEADER
fixed length control field 02280 a2200277 4500
001 - CONTROL NUMBER
control field 21679
005 - DATE AND TIME OF LATEST TRANSACTION
control field 20260407155507.0
008 - FIXED-LENGTH DATA ELEMENTS--GENERAL INFORMATION
fixed length control field 260407a2001 arg spa d
003 - CONTROL NUMBER IDENTIFIER
control field AR-UNSa-BCEJYS
040 ## - CATALOGING SOURCE
Original cataloging agency AR-UNSa-BCEJYS
Language of cataloging spa
Transcribing agency AR-UNSa-BCEJYS
080 ## - UNIVERSAL DECIMAL CLASSIFICATION NUMBER
Universal Decimal Classification number 658.8
Common auxiliary subdivision Organización de mercados. Marketing. Ventas. Distribución
020 ## - INTERNATIONAL STANDARD BOOK NUMBER
International Standard Book Number 978-84-368-1469-9
041 ## - LANGUAGE CODE
Language code of text/sound track or separate title spa
100 1# - MAIN ENTRY--PERSONAL NAME
Personal name Santesmases Mestre, Miguel
245 10 - TITLE STATEMENT
Title Marketing
Name of part/section of a work conceptos y estrategias
264 #1 - PRODUCTION, PUBLICATION, DISTRIBUTION, MANUFACTURE, AND COPYRIGHT NOTICE
Place of production, publication, distribution, manufacture Madrid :
Name of producer, publisher, distributor, manufacturer Ediciones Pirámide
Date of production, publication, distribution, manufacture, or copyright notice 2001
300 ## - PHYSICAL DESCRIPTION
Extent 1091 p.
Dimensions 24 cm.
505 ## - FORMATTED CONTENTS NOTE
Formatted contents note 1º Parte : Fundamentos: 1. Introducción y conceptos básicos - 2. La dirección comercial - 2º Parte: Análisis comercial 3. El mercado y el entorno - 4. La demanda - 5. Segmentación del mercado - 6. Comportamiento del consumidor - 7. Comportamiento de las compra de las organizaciones - 8. El sistema de información y la investigación comercial - 3º Parte: Estrategia de marketing : 9. Decisiones sobre el producto (I): Concepto de producto y marca - 10. Decisiones sobre el producto(II): desarrollo y evolución del producto - 11. Decisiones sobre el precio - 12. Decisiones sobre distribución (I).El sistema de distribución - 13. Decisiones sobre distribución (II): Formas y estructuras de distribución - 14. Decisiones sobre distribución(III) : Logística de la distribución - 15. Decisiones sobre promoción/ comunicación (I): Venta personal y marketing directo - 16. Decisiones sobre promoción/comunicación(II): Publicidad, relaciones públicas -y promoción de ventas - 17. El programa comercial: planificación, organización y control de la estrategia de marketing - 4ª Parte: Marketing especial - 18. Marketing industrial(marketing de empresa a empresa) - 19. Marketing de servicios - 20. Marketing internacional - 21. Marketing no empresarial - 5º Parte: Marketing y sociedad : 22. Macromarketing: marketing y sociedad.
590 ## - LOCAL NOTE (RLIN)
Local note niveau_biblio:m niveau_hierar:0
700 1# - ADDED ENTRY--PERSONAL NAME
Personal name Sánchez de Dusso, Francisca
700 1# - ADDED ENTRY--PERSONAL NAME
Personal name Sánchez Rossi, María Rosa
700 1# - ADDED ENTRY--PERSONAL NAME
Personal name Kosiak de Gesualdo, Graciela
700 1# - ADDED ENTRY--PERSONAL NAME
Personal name Alesandria, Horacio
856 41 - ELECTRONIC LOCATION AND ACCESS
Uniform Resource Identifier <a href="https://biblioeco.unsa.edu.ar/pmb/images/libros/Marketin Conceptos y Estrategias.jpg">https://biblioeco.unsa.edu.ar/pmb/images/libros/Marketin Conceptos y Estrategias.jpg</a>
Link text Imagen de portada
Electronic format type image/jpeg
942 ## - ADDED ENTRY ELEMENTS (KOHA)
Koha item type
Existencias
Withdrawn status Lost status Damaged status Not for loan Home library Current library Shelving location Date acquired Total checkouts Full call number Barcode Date last seen Price effective from Koha item type
        Biblioteca Prof. Eusebio Cleto del Rey Biblioteca Prof. Eusebio Cleto del Rey   07/04/2026   P658.8 S234 L119491 07/04/2026 07/04/2026 Libro